[Event "20. Obert Int. Sant Marti 2018 - B"]
[Site "Barcelona ESP"]
[Date "2018.07.14"]
[Round "2.53"]
[White "Ramos Alvarez, Maximo"]
[Black "Cassi Gimeno, Jordi"]
[Result "1-0"]
[WhiteElo "1939"]
[BlackElo "1464"]
[PlyCount "63"]
[EventDate "2018.07.13"]
[EventType "swiss"]
[EventRounds "9"]
[EventCountry "ESP"]
[SourceTitle "Ajedrez en Madrid"]
[Source "lmi"]
[SourceDate "2018.07.13"]
[SourceVersion "1"]
[SourceVersionDate "2019.06.21"]
[SourceQuality "1"]

1. d4 d5 2. Bg5 Nd7 3. e3 Ngf6 4. c4 e6 5. Nc3 Bb4 6. Nf3 c6 7. Bd3 Qa5 8. O-O
dxc4 9. Bxc4 Bxc3 10. bxc3 Ne4 11. Bf4 Nxc3 12. Qd2 b5 13. Bd3 b4 14. Bd6 c5
15. Rfc1 Qb6 16. dxc5 Nxc5 17. Bxc5 Qxc5 18. a3 Qb6 19. axb4 Nd5 20. e4 Ne7 21.
Qg5 Ng6 22. Bb5+ Bd7 23. Bxd7+ Kxd7 24. Rd1+ Ke8 25. Qd2 Rd8 26. Qxd8+ Qxd8 27.
Rxd8+ Kxd8 28. Rxa7 Ne7 29. b5 Nc8 30. Rxf7 Nd6 31. Ra7 Re8 32. Ne5 1-0

[Event "20. Obert Int. Sant Marti 2018 - B"]
[Site "Barcelona ESP"]
[Date "2018.07.14"]
[Round "2.54"]
[White "Guinjoan Fradera, Joan"]
[Black "Riera Danes, Manel"]
[Result "0-1"]
[WhiteElo "1470"]
[BlackElo "1938"]
[PlyCount "90"]
[EventDate "2018.07.13"]
[EventType "swiss"]
[EventRounds "9"]
[EventCountry "ESP"]
[SourceTitle "Ajedrez en Madrid"]
[Source "lmi"]
[SourceDate "2018.07.13"]
[SourceVersion "1"]
[SourceVersionDate "2019.06.21"]
[SourceQuality "1"]

1. e4 c5 2. Nf3 d6 3. c4 g6 4. Nc3 Bg7 5. Be2 Nf6 6. d3 O-O 7. O-O Nc6 8. Bf4
Bg4 9. h3 Bxf3 10. Bxf3 Nd4 11. Be3 Nd7 12. Rb1 Rb8 13. Bxd4 Bxd4 14. Ne2 Bg7
15. b3 Ne5 16. Ng3 b5 17. Be2 b4 18. f4 Nc6 19. f5 Qa5 20. Qd2 Bc3 21. Qh6 Bg7
22. Qd2 Be5 23. Nh1 Bc3 24. Qh6 Qxa2 25. fxg6 fxg6 26. Bg4 Bg7 27. Qg5 Bd4+ 28.
Kh2 Be5+ 29. Kg1 Qa6 30. Be6+ Kg7 31. Bd5 Bf6 32. Qg4 Nd4 33. Ng3 Qc8 34. Nf5+
Kh8 35. Nxd4 Bxd4+ 36. Kh2 Qxg4 37. hxg4 Kg7 38. Rf3 Rf6 39. Rbf1 Rbf8 40. Bc6
Rc8 41. Ba4 Rh8 42. Bc6 Kh6 43. Kh3 Kg5 44. Ba4 Be5 45. Bc6 h5 0-1

[Event "20. Obert Int. Sant Marti 2018 - B"]
[Site "Barcelona ESP"]
[Date "2018.07.14"]
[Round "2.55"]
[White "Lopez Manzano, Antonio"]
[Black "Garcia Miralles, Eduard"]
[Result "1-0"]
[WhiteElo "1900"]
[BlackElo "1443"]
[PlyCount "111"]
[EventDate "2018.07.13"]
[EventType "swiss"]
[EventRounds "9"]
[EventCountry "ESP"]
[SourceTitle "Ajedrez en Madrid"]
[Source "lmi"]
[SourceDate "2018.07.13"]
[SourceVersion "1"]
[SourceVersionDate "2019.06.21"]
[SourceQuality "1"]

1. d4 d5 2. c4 e5 3. dxe5 d4 4. Nf3 Nc6 5. a3 Be6 6. Qc2 Nge7 7. e3 dxe3 8.
Bxe3 Bf5 9. Qb3 Ng6 10. Nc3 Qc8 11. Nd4 Nxd4 12. Bxd4 Be7 13. Nd5 Bd8 14. Qe3
h6 15. g3 O-O 16. Be2 Bh3 17. Rg1 b6 18. g4 c6 19. Nf6+ gxf6 20. exf6 Kh7 21.
Qxh3 Qe6 22. Be3 Bxf6 23. Qxh6+ Kg8 24. O-O-O Ne5 25. Qf4 Bg7 26. Qf5 Qe7 27.
Bd3 Ng6 28. Bg5 Qd6 29. h4 Qd4 30. Rd2 b5 31. cxb5 cxb5 32. h5 Rfc8+ 33. Kb1
Nh8 34. h6 Be5 35. h7+ Kg7 36. Rh1 Kf8 37. Bh6+ Bg7 38. Be4 Qc4 39. Bxg7+ Kxg7
40. Qe5+ f6 41. Rd7+ Qf7 42. Rxf7+ Kxf7 43. Qh5+ Ke7 44. Bxa8 Rxa8 45. Re1+ Kd6
46. Qh2+ Kd7 47. Rd1+ Ke6 48. Qd6+ Kf7 49. Qd5+ Kg7 50. Qxa8 Kxh7 51. Rh1+ Kg6
52. Rxh8 Kg5 53. Qf3 Kg6 54. Rf8 Kh7 55. Qxf6 a5 56. Rh8# 1-0

[Event "20. Obert Int. Sant Marti 2018 - B"]
[Site "Barcelona ESP"]
[Date "2018.07.14"]
[Round "2.56"]
[White "Carrey Abellan, Enric"]
[Black "Bienvenido Kleque, Jose"]
[Result "1-0"]
[WhiteElo "1855"]
[BlackElo "1439"]
[PlyCount "83"]
[EventDate "2018.07.13"]
[EventType "swiss"]
[EventRounds "9"]
[EventCountry "ESP"]
[SourceTitle "Ajedrez en Madrid"]
[Source "lmi"]
[SourceDate "2018.07.13"]
[SourceVersion "1"]
[SourceVersionDate "2019.06.21"]
[SourceQuality "1"]

1. d4 d5 2. c4 c6 3. cxd5 cxd5 4. Bg5 h6 5. Bh4 Qc7 6. Nc3 e6 7. e3 a6 8. Rc1
Nc6 9. Bd3 Be7 10. Bxe7 Qxe7 11. Nf3 Nf6 12. O-O O-O 13. Bb1 Rd8 14. a3 Nh7 15.
Qd3 Nf8 16. Na4 Rb8 17. Nc5 Bd7 18. Rc3 Rdc8 19. Rfc1 Rc7 20. h3 Be8 21. R1c2
f6 22. Nd2 Rbc8 23. f3 Qd6 24. Qe2 Bg6 25. Rc1 Bxb1 26. Nxb1 Qe7 27. R1c2 Qd6
28. Qd2 Qe7 29. Qc1 Nd7 30. Nxa6 bxa6 31. Rxc6 Rxc6 32. Rxc6 Rxc6 33. Qxc6 Nf8
34. b4 Qa7 35. Nd2 Kf7 36. Nb3 Qb8 37. Kf2 Qh2 38. Qxa6 h5 39. Nd2 h4 40. Qb7+
Kg8 41. Nf1 g5 42. Nxh2 1-0

[Event "20. Obert Int. Sant Marti 2018 - B"]
[Site "Barcelona ESP"]
[Date "2018.07.14"]
[Round "2.57"]
[White "Climent Vidal, Pere"]
[Black "Garcia Clemente, Julian Fco."]
[Result "1/2-1/2"]
[WhiteElo "1441"]
[BlackElo "1828"]
[PlyCount "65"]
[EventDate "2018.07.13"]
[EventType "swiss"]
[EventRounds "9"]
[EventCountry "ESP"]
[SourceTitle "Ajedrez en Madrid"]
[Source "lmi"]
[SourceDate "2018.07.13"]
[SourceVersion "1"]
[SourceVersionDate "2019.06.21"]
[SourceQuality "1"]

1. b4 e5 2. a3 Nf6 3. Bb2 d6 4. c4 Be7 5. e3 b6 6. Nc3 Bb7 7. d3 Nbd7 8. e4 Nf8
9. Nd5 c6 10. Nxe7 Qxe7 11. Nf3 Ne6 12. g3 O-O 13. Bg2 Nd7 14. d4 Rad8 15. O-O
g6 16. Bc1 f6 17. d5 cxd5 18. exd5 Ng7 19. Re1 Rc8 20. Qb3 Ba6 21. b5 Nc5 22.
Qc2 Bb7 23. Nd4 Qd7 24. Nc6 a6 25. a4 a5 26. Be3 Rce8 27. Bxc5 dxc5 28. Rad1
Qd6 29. Re2 Nf5 30. Be4 Bc8 31. Red2 Kg7 32. Bg2 Nd4 33. Qb2 1/2-1/2

[Event "20. Obert Int. Sant Marti 2018 - B"]
[Site "Barcelona ESP"]
[Date "2018.07.14"]
[Round "2.58"]
[White "Franzoni Ladron De Guevara, Enric"]
[Black "Olleta Tanya, Jordi"]
[Result "1-0"]
[WhiteElo "1760"]
[BlackElo "1409"]
[PlyCount "63"]
[EventDate "2018.07.13"]
[EventType "swiss"]
[EventRounds "9"]
[EventCountry "ESP"]
[SourceTitle "Ajedrez en Madrid"]
[Source "lmi"]
[SourceDate "2018.07.13"]
[SourceVersion "1"]
[SourceVersionDate "2019.06.21"]
[SourceQuality "1"]

1. e4 e6 2. d4 d5 3. Nc3 g6 4. Nf3 Bg7 5. Be3 Ne7 6. Bd3 Nbc6 7. O-O dxe4 8.
Nxe4 Nf5 9. c3 Nxe3 10. fxe3 O-O 11. Qc2 Bh6 12. Rae1 f5 13. Ng3 Qf6 14. e4 f4
15. e5 Qd8 16. Ne4 Ne7 17. Nf6+ Kh8 18. g4 Nd5 19. g5 Bg7 20. Qf2 Bxf6 21. gxf6
Qe8 22. Ng5 Ne3 23. Qh4 h5 24. Rxf4 Nf5 25. Bxf5 gxf5 26. Re3 Qg6 27. Rg3 Qh6
28. Qh3 Bd7 29. f7 Be8 30. fxe8=Q Raxe8 31. Rh4 Kg8 32. Rxh5 1-0

[Event "20. Obert Int. Sant Marti 2018 - B"]
[Site "Barcelona ESP"]
[Date "2018.07.14"]
[Round "2.59"]
[White "Marzo Ruiz, Xavier"]
[Black "Subirana Santos, Marc"]
[Result "0-1"]
[WhiteElo "1417"]
[BlackElo "1743"]
[PlyCount "56"]
[EventDate "2018.07.13"]
[EventType "swiss"]
[EventRounds "9"]
[EventCountry "ESP"]
[SourceTitle "Ajedrez en Madrid"]
[Source "lmi"]
[SourceDate "2018.07.13"]
[SourceVersion "1"]
[SourceVersionDate "2019.06.21"]
[SourceQuality "1"]

1. d4 Nf6 2. Bg5 g6 3. Nd2 Bg7 4. e4 d6 5. e5 dxe5 6. dxe5 Nd5 7. f4 h6 8. Bh4
Nxf4 9. Qf3 Ne6 10. Bc4 O-O 11. O-O-O c6 12. Nb3 Qc7 13. Bg3 b5 14. Bxb5 cxb5
15. Qxa8 Bb7 16. Qxa7 Nc6 17. Qf2 Nb4 18. Kb1 Ra8 19. a3 Nc6 20. Nf3 b4 21. c3
bxc3 22. bxc3 Na5 23. Nxa5 Rxa5 24. Qb2 Ra6 25. Ka2 Rb6 26. Qc2 Qc4+ 27. Ka1
Rb3 28. Ka2 Rxc3+ 0-1

[Event "20. Obert Int. Sant Marti 2018 - B"]
[Site "Barcelona ESP"]
[Date "2018.07.14"]
[Round "2.61"]
[White "Sanchez Rodriguez, Raul"]
[Black "Folch Brach, Jordi"]
[Result "0-1"]
[WhiteElo "1402"]
[BlackElo "1644"]
[PlyCount "44"]
[EventDate "2018.07.13"]
[EventType "swiss"]
[EventRounds "9"]
[EventCountry "ESP"]
[SourceTitle "Ajedrez en Madrid"]
[Source "lmi"]
[SourceDate "2018.07.13"]
[SourceVersion "1"]
[SourceVersionDate "2019.06.21"]
[SourceQuality "1"]

1. e4 d6 2. d4 Nf6 3. Nc3 g6 4. Nf3 Bg7 5. Bc4 O-O 6. Be3 Nbd7 7. Qd2 c5 8.
O-O-O a6 9. dxc5 Qc7 10. a3 Nxc5 11. Bd3 Nxd3+ 12. Qxd3 b5 13. h4 Be6 14. Nd5
Nxd5 15. exd5 Bf5 16. Qd2 Qc4 17. h5 Qa2 18. Qb4 Rfc8 19. Ne1 Rc4 20. Qa5 Qxb2+
21. Kd2 Bc3+ 22. Qxc3 Qxc3+ 0-1

[Event "20. Obert Int. Sant Marti 2018 - B"]
[Site "Barcelona ESP"]
[Date "2018.07.14"]
[Round "2.62"]
[White "Gonzalez Canovas, Sebastia"]
[Black "Alabart Paytubi, Josep"]
[Result "1-0"]
[WhiteElo "1639"]
[BlackElo "1375"]
[PlyCount "75"]
[EventDate "2018.07.13"]
[EventType "swiss"]
[EventRounds "9"]
[EventCountry "ESP"]
[SourceTitle "Ajedrez en Madrid"]
[Source "lmi"]
[SourceDate "2018.07.13"]
[SourceVersion "1"]
[SourceVersionDate "2019.06.21"]
[SourceQuality "1"]

1. c4 e5 2. Nc3 Nf6 3. g3 d5 4. cxd5 Nxd5 5. Bg2 Nb6 6. d3 Nc6 7. Nf3 Be7 8.
O-O Bg4 9. Re1 O-O 10. a3 Qd7 11. b4 a6 12. Bb2 Bf6 13. Ne4 Rae8 14. Nxf6+ gxf6
15. Bc1 Re6 16. Nh4 Rd6 17. f3 Bh5 18. Bh6 Re8 19. Qc1 Kh8 20. Kh1 Rg8 21. f4
Nd4 22. Ra2 Nf5 23. Nxf5 Qxf5 24. fxe5 fxe5 25. Bd2 c6 26. Rc2 Rd4 27. Be3 Rdg4
28. Bxb6 Rxg3 29. hxg3 Rxg3 30. Rf1 Rh3+ 31. Kg1 Qg6 32. Rf2 Qg3 33. Qe3 Qh2+
34. Kf1 Rxe3 35. Bxe3 Qg3 36. Bh6 Bg6 37. Rc4 Qg4 38. Rxg4 1-0

[Event "20. Obert Int. Sant Marti 2018 - B"]
[Site "Barcelona ESP"]
[Date "2018.07.14"]
[Round "2.63"]
[White "Pinyol I Llora, Julia"]
[Black "Ferre Navarro, Joan"]
[Result "1/2-1/2"]
[WhiteElo "1374"]
[BlackElo "1629"]
[PlyCount "138"]
[EventDate "2018.07.13"]
[EventType "swiss"]
[EventRounds "9"]
[EventCountry "ESP"]
[SourceTitle "Ajedrez en Madrid"]
[Source "lmi"]
[SourceDate "2018.07.13"]
[SourceVersion "1"]
[SourceVersionDate "2019.06.21"]
[SourceQuality "1"]

1. d4 d5 2. Nf3 Nf6 3. g3 e6 4. Bg2 c5 5. e3 Nc6 6. O-O Be7 7. c4 O-O 8. b3 b6
9. Nc3 Ba6 10. Ne1 Rc8 11. Nb5 Qd7 12. Nc2 Rfd8 13. Bb2 cxd4 14. exd4 Bxb5 15.
cxb5 Na5 16. Qd3 Rc7 17. Rac1 Rdc8 18. Ne3 Nb7 19. Rxc7 Rxc7 20. Rc1 Nd6 21.
Rxc7 Qxc7 22. Qe2 Nde4 23. f3 Nd6 24. g4 h6 25. a4 Nb7 26. Qd3 Na5 27. Nc2 Bd6
28. h3 Bh2+ 29. Kh1 Bf4 30. Bf1 Bg5 31. Kg2 Bh4 32. Nb4 Qg3+ 33. Kh1 Bg5 34.
Nc6 Bf4 35. Qe2 Nxc6 36. bxc6 Ne8 37. Qg2 Nc7 38. Qxg3 Bxg3 39. Kg2 Bd6 40. Bd3
Kf8 41. Bc1 f6 42. f4 Ke7 43. Bd2 Ba3 44. b4 Bb2 45. Be3 a6 46. b5 axb5 47.
axb5 Kd6 48. Kf3 e5 49. fxe5+ fxe5 50. dxe5+ Bxe5 51. Bxb6 g5 52. Bf5 Nxb5 53.
Bd7 Nd4+ 54. Bxd4 Bxd4 55. Kg3 Be5+ 56. Kf3 Bf4 57. Ke2 d4 58. Kd3 Be3 59. Be8
Kc7 60. Bd7 Kd8 61. Ke4 Bg1 62. Bf5 Kc7 63. Kd5 Bf2 64. Be4 Be3 65. Ke6 Bf2 66.
Kf6 d3 67. Bxd3 Kxc6 68. Kg6 Bh4 69. Kxh6 Kd6 1/2-1/2

[Event "20. Obert Int. Sant Marti 2018 - B"]
[Site "Barcelona ESP"]
[Date "2018.07.14"]
[Round "2.64"]
[White "Marcos Rodriguez, Raul"]
[Black "Caballero Ortin, Jorge"]
[Result "0-1"]
[WhiteElo "1360"]
[BlackElo "1628"]
[PlyCount "48"]
[EventDate "2018.07.13"]
[EventType "swiss"]
[EventRounds "9"]
[EventCountry "ESP"]
[SourceTitle "Ajedrez en Madrid"]
[Source "lmi"]
[SourceDate "2018.07.13"]
[SourceVersion "1"]
[SourceVersionDate "2019.06.21"]
[SourceQuality "1"]

1. Nf3 c5 2. g3 d5 3. Bg2 Nc6 4. b3 e5 5. Bb2 e4 6. Ne5 Qf6 7. Nc4 Qh6 8. Ne3
Be6 9. d3 O-O-O 10. c4 dxc4 11. Nxc4 f5 12. Nbd2 Nf6 13. Qc2 exd3 14. exd3 Nb4
15. Qc3 Nxd3+ 16. Kd1 Bxc4 17. Qxc4 Nxb2+ 18. Ke1 Qxd2+ 19. Kf1 Nxc4 20. bxc4
Ng4 21. Bxb7+ Kb8 22. Kg2 Rd6 23. Bd5 Qxf2+ 24. Kh3 Rh6# 0-1

[Event "20. Obert Int. Sant Marti 2018 - B"]
[Site "Barcelona ESP"]
[Date "2018.07.14"]
[Round "2.65"]
[White "Siso Ribes, Genis Alfred"]
[Black "Bernat Mor, Juli"]
[Result "1/2-1/2"]
[WhiteElo "1626"]
[BlackElo "1370"]
[PlyCount "70"]
[EventDate "2018.07.13"]
[EventType "swiss"]
[EventRounds "9"]
[EventCountry "ESP"]
[SourceTitle "Ajedrez en Madrid"]
[Source "lmi"]
[SourceDate "2018.07.13"]
[SourceVersion "1"]
[SourceVersionDate "2019.06.21"]
[SourceQuality "1"]

1. d4 d5 2. c4 c6 3. Nf3 Bg4 4. Nc3 Bxf3 5. exf3 e6 6. Bd3 dxc4 7. Bxc4 Nf6 8.
O-O Be7 9. Bg5 O-O 10. Re1 Nbd7 11. Qd3 b5 12. Bb3 Nc5 13. Qd2 Nxb3 14. axb3 b4
15. Ne2 Nd5 16. Bxe7 Qxe7 17. Nf4 Qg5 18. g3 Nxf4 19. Qxf4 Qxf4 20. gxf4 a5 21.
Re5 g6 22. Rexa5 Rxa5 23. Rxa5 Rd8 24. Rc5 Rxd4 25. Rxc6 Rxf4 26. Kg2 g5 27.
Rc4 Kg7 28. Kg3 e5 29. Rxf4 exf4+ 30. Kg4 Kg6 31. h4 f5+ 32. Kh3 h5 33. hxg5
Kxg5 34. Kg2 Kh4 35. Kh2 Kg5 1/2-1/2

[Event "20. Obert Int. Sant Marti 2018 - B"]
[Site "Barcelona ESP"]
[Date "2018.07.14"]
[Round "2.66"]
[White "Dominguez Diaz, Francisco"]
[Black "Ruiz Puerta, Jon Ander"]
[Result "1-0"]
[WhiteElo "1319"]
[BlackElo "1616"]
[PlyCount "187"]
[EventDate "2018.07.13"]
[EventType "swiss"]
[EventRounds "9"]
[EventCountry "ESP"]
[SourceTitle "Ajedrez en Madrid"]
[Source "lmi"]
[SourceDate "2018.07.13"]
[SourceVersion "1"]
[SourceVersionDate "2019.06.21"]
[SourceQuality "1"]

1. e4 c5 2. Nf3 d6 3. Bc4 Nc6 4. c3 Nf6 5. d3 Bg4 6. h3 Bxf3 7. Qxf3 a6 8. O-O
Ne5 9. Qe2 Nxc4 10. dxc4 g6 11. Rd1 Qc7 12. Bf4 Nd7 13. Nd2 Bg7 14. Nf3 O-O 15.
Rd3 Nb6 16. b3 e5 17. Bg5 h6 18. Be3 a5 19. Qd2 a4 20. Rb1 f5 21. Bxh6 fxe4 22.
Bxg7 Kxg7 23. Ng5 e3 24. Ne6+ Kh7 25. Nxc7 exd2 26. Nxa8 Rxa8 27. Rxd2 axb3 28.
axb3 Nc8 29. Rd3 Ra2 30. Rf3 Kg7 31. h4 Ne7 32. g4 Re2 33. Kg2 d5 34. Rd1 d4
35. cxd4 exd4 36. Kf1 Re4 37. Re1 Rxe1+ 38. Kxe1 Nc6 39. h5 Ne5 40. Rg3 b6 41.
f4 Nc6 42. hxg6 Kxg6 43. Kd2 Na5 44. Rh3 Nb7 45. g5 Nd8 46. Rh6+ Kf7 47. Rxb6
Ne6 48. Rb7+ Kg6 49. Rb6 Kf5 50. g6 Ng7 51. Rc6 Ne6 52. Kd3 Nxf4+ 53. Kd2 Nxg6
54. Rxc5+ Ne5 55. b4 Ke4 56. b5 Nf3+ 57. Kd1 d3 58. b6 Kd4 59. b7 Kxc5 60. b8=Q
Kxc4 61. Qf4+ Nd4 62. Kd2 Kd5 63. Kxd3 Ne6 64. Qf5+ Kd6 65. Kc4 Ke7 66. Qe5 Kd7
67. Qd5+ Ke7 68. Qe5 Kd7 69. Qb5+ Kd6 70. Qb6+ Ke5 71. Kd3 Nf4+ 72. Kc4 Ne6 73.
Qb8+ Kf6 74. Kd5 Kf7 75. Qe5 Ng7 76. Kd6 Ne8+ 77. Kd7 Nf6+ 78. Kd8 Kg6 79. Qe6
Kg7 80. Qf5 Kf7 81. Kc7 Ke7 82. Kc6 Kf7 83. Kd6 Kg7 84. Ke6 Nh7 85. Qg4+ Kh6
86. Kf7 Ng5+ 87. Kf6 Nh7+ 88. Kf5 Nf8 89. Kf6 Nh7+ 90. Kf5 Nf8 91. Qg5+ Kh7 92.
Qe7+ Kg8 93. Kg5 Nh7+ 94. Kh6 1-0

[Event "20. Obert Int. Sant Marti 2018 - B"]
[Site "Barcelona ESP"]
[Date "2018.07.14"]
[Round "2.68"]
[White "Lahoz Bonaventura, Jordi"]
[Black "Antequera Garcia, Luis"]
[Result "0-1"]
[WhiteElo "1597"]
[BlackElo "1362"]
[PlyCount "92"]
[EventDate "2018.07.13"]
[EventType "swiss"]
[EventRounds "9"]
[EventCountry "ESP"]
[SourceTitle "Ajedrez en Madrid"]
[Source "lmi"]
[SourceDate "2018.07.13"]
[SourceVersion "1"]
[SourceVersionDate "2019.06.21"]
[SourceQuality "1"]

1. e4 e5 2. Nf3 Nc6 3. Bb5 Nge7 4. O-O d5 5. Re1 Bg4 6. exd5 Qxd5 7. Rxe5 Qxe5
8. Nxe5 Bxd1 9. Ba4 Bh5 10. Nc3 O-O-O 11. Nxc6 Nxc6 12. d3 Nd4 13. Kf1 Bb4 14.
Ne4 Rhe8 15. c3 b5 16. cxd4 bxa4 17. a3 Ba5 18. Be3 Bb6 19. Rc1 Bg6 20. Nc5
Bxc5 21. Rxc5 Bxd3+ 22. Kg1 Rd6 23. h3 Rb6 24. Bf4 Re7 25. d5 Kb7 26. Be3 Rb5
27. Rc3 Rxd5 28. b3 axb3 29. Rxb3+ Ka6 30. g4 Bg6 31. Rb4 Rxe3 32. fxe3 Rd3 33.
Ra4+ Kb7 34. Kf2 c5 35. Rc4 Kb6 36. a4 a5 37. h4 f6 38. Ke2 Ra3 39. Rf4 Bc2 40.
Kd2 Bxa4 41. Re4 Bc6 42. Re7 Ra2+ 43. Kc3 Rh2 44. Rxg7 Rxh4 45. Rf7 Rxg4 46.
Rxf6 h5 0-1

[Event "20. Obert Int. Sant Marti 2018 - B"]
[Site "Barcelona ESP"]
[Date "2018.07.14"]
[Round "2.69"]
[White "Minko, Uliana"]
[Black "Torres Ribe, Ricard"]
[Result "0-1"]
[WhiteElo "1284"]
[BlackElo "1593"]
[PlyCount "66"]
[EventDate "2018.07.13"]
[EventType "swiss"]
[EventRounds "9"]
[EventCountry "ESP"]
[SourceTitle "Ajedrez en Madrid"]
[Source "lmi"]
[SourceDate "2018.07.13"]
[SourceVersion "1"]
[SourceVersionDate "2019.06.21"]
[SourceQuality "1"]

1. c4 c5 2. g3 Nf6 3. d3 g6 4. Bg2 Bg7 5. Nf3 O-O 6. O-O d5 7. Qc2 Nc6 8. Nc3
d4 9. Na4 b6 10. a3 a5 11. Rb1 Rb8 12. e3 e5 13. exd4 Nxd4 14. Nxd4 Qxd4 15.
Be3 Qd6 16. h3 Bf5 17. Rfd1 Rbd8 18. Be4 Bxh3 19. Bg5 h6 20. Bxf6 Bxf6 21. Nc3
Bg7 22. Nd5 f5 23. Bh1 f4 24. b4 fxg3 25. fxg3 e4 26. bxa5 Qxg3+ 27. Bg2 Bd4+
28. Kh1 Rf2 29. Qxf2 Bxf2 30. Bxe4 Bg4 31. Nf6+ Kg7 32. Nxg4 Qxg4 33. Bg2 Qh4+
0-1

[Event "20. Obert Int. Sant Marti 2018 - B"]
[Site "Barcelona ESP"]
[Date "2018.07.14"]
[Round "2.70"]
[White "Martin Arranz, Lluis"]
[Black "Bermejo Cuadra, Roberto"]
[Result "1-0"]
[WhiteElo "1582"]
[BlackElo "1315"]
[PlyCount "127"]
[EventDate "2018.07.13"]
[EventType "swiss"]
[EventRounds "9"]
[EventCountry "ESP"]
[SourceTitle "Ajedrez en Madrid"]
[Source "lmi"]
[SourceDate "2018.07.13"]
[SourceVersion "1"]
[SourceVersionDate "2019.06.21"]
[SourceQuality "1"]

1. e4 Nc6 2. d4 d5 3. e5 Bf5 4. Bd3 e6 5. c3 Be7 6. Ne2 g5 7. Ng3 Nh6 8. Nxf5
Nxf5 9. Nd2 Qd7 10. Nf3 f6 11. exf6 Bxf6 12. Bxg5 Bxg5 13. Nxg5 O-O-O 14. Nf3
Rde8 15. Qc2 Qg7 16. g3 Qg4 17. Be2 Qe4 18. Qxe4 dxe4 19. Ng5 h6 20. Nxe4 e5
21. d5 Nd8 22. Bg4 Ref8 23. O-O-O Kb8 24. Bxf5 Rxf5 25. d6 cxd6 26. Rxd6 Nf7
27. Rd7 Ng5 28. Nxg5 hxg5 29. Rd2 e4 30. Re2 Re8 31. h4 gxh4 32. Rxh4 Ref8 33.
Rhxe4 Rxf2 34. Re8+ Rxe8 35. Rxe8+ Kc7 36. Re4 Rg2 37. g4 Rg1+ 38. Kc2 b5 39.
Kb3 Rg3 40. a4 Kb6 41. axb5 Kxb5 42. Re5+ Kb6 43. g5 a5 44. Ka3 Rg4 45. Re6+
Kb5 46. g6 Ra4+ 47. Kb3 Rg4 48. Ka2 a4 49. Ka3 Rc4 50. Re5+ Kb6 51. Rg5 Rc8 52.
g7 Rg8 53. Kxa4 Ra8+ 54. Kb3 Rg8 55. Kc4 Rc8+ 56. Kd3 Rd8+ 57. Ke4 Rg8 58. Kf5
Kc6 59. Kg6 Rd8 60. Kh7 Rd7 61. Kh8 Rb7 62. g8=Q Rxb2 63. Qe6+ Kb7 64. Rg7+ 1-0

[Event "20. Obert Int. Sant Marti 2018 - B"]
[Site "Barcelona ESP"]
[Date "2018.07.14"]
[Round "2.71"]
[White "Juncosa Padros, Ernest"]
[Black "Sanchez Coves, Juan Josep"]
[Result "0-1"]
[WhiteElo "1212"]
[BlackElo "1580"]
[PlyCount "94"]
[EventDate "2018.07.13"]
[EventType "swiss"]
[EventRounds "9"]
[EventCountry "ESP"]
[SourceTitle "Ajedrez en Madrid"]
[Source "lmi"]
[SourceDate "2018.07.13"]
[SourceVersion "1"]
[SourceVersionDate "2019.06.21"]
[SourceQuality "1"]

1. d4 Nf6 2. c4 Nc6 3. e3 e6 4. Nc3 Bb4 5. Bd2 d5 6. Qc2 O-O 7. Bd3 dxc4 8.
Bxc4 Ne7 9. Nge2 c5 10. a3 cxd4 11. Nxd4 Bxc3 12. Bxc3 Qc7 13. Bd3 Bd7 14. Rc1
Ned5 15. Qd2 Rac8 16. O-O Nxc3 17. Rxc3 Qd6 18. Nf3 Qd5 19. Rxc8 Rxc8 20. Rd1
Bc6 21. Be2 Ba4 22. Qxd5 Nxd5 23. Rd2 Rc1+ 24. Bf1 Bb5 25. h3 Rxf1+ 26. Kh2 h6
27. Rc2 Bc6 28. Nd4 Ne7 29. b4 a6 30. g4 Rh1+ 31. Kg3 Rg1+ 32. Kh4 Ng6+ 33. Kh5
Rh1 34. g5 Rxh3+ 35. Kg4 Rh4+ 36. Kg3 hxg5 37. Rc5 f5 38. Nxe6 Rg4+ 39. Kh3
Rh4+ 40. Kg3 f4+ 41. exf4 gxf4+ 42. Nxf4 Rh6 43. Ne6 Ne7 44. Re5 Rg6+ 45. Kf4
Rf6+ 46. Ke3 Nf5+ 47. Ke2 Rxe6 0-1

[Event "20. Obert Int. Sant Marti 2018 - B"]
[Site "Barcelona ESP"]
[Date "2018.07.14"]
[Round "2.72"]
[White "Ruiz Serra, Guillem"]
[Black "Cervera Lopez, Miguel"]
[Result "0-1"]
[WhiteElo "1199"]
[BlackElo "1578"]
[PlyCount "68"]
[EventDate "2018.07.13"]
[EventType "swiss"]
[EventRounds "9"]
[EventCountry "ESP"]
[SourceTitle "Ajedrez en Madrid"]
[Source "lmi"]
[SourceDate "2018.07.13"]
[SourceVersion "1"]
[SourceVersionDate "2019.06.21"]
[SourceQuality "1"]

1. e4 c5 2. Nf3 Nc6 3. d4 cxd4 4. Nxd4 Nf6 5. Nc3 a6 6. Nf3 d6 7. Be2 e6 8. O-O
Be7 9. b3 Ng4 10. h3 Nge5 11. Nd4 Nxd4 12. Qxd4 Bf6 13. Qe3 Nc6 14. Bb2 Nd4 15.
Qd2 O-O 16. Rac1 Qa5 17. Rfe1 Nxe2+ 18. Rxe2 Rd8 19. Na4 Qxd2 20. Rxd2 Bg5 21.
Rcd1 Bxd2 22. Rxd2 b5 23. Nc3 Bb7 24. f3 Rac8 25. Ne2 f6 26. Nf4 Kf7 27. Nh5 e5
28. Ng3 g6 29. Ne2 d5 30. Ng3 dxe4 31. Rxd8 Rxd8 32. Nxe4 Bxe4 33. fxe4 b4 34.
Bc1 Rd1+ 0-1

[Event "20. Obert Int. Sant Marti 2018 - B"]
[Site "Barcelona ESP"]
[Date "2018.07.14"]
[Round "2.73"]
[White "Arias Aranda, Guillem"]
[Black "Guerrero Baez, Indira"]
[Result "1-0"]
[WhiteElo "1576"]
[BlackElo "1300"]
[PlyCount "143"]
[EventDate "2018.07.13"]
[EventType "swiss"]
[EventRounds "9"]
[EventCountry "ESP"]
[SourceTitle "Ajedrez en Madrid"]
[Source "lmi"]
[SourceDate "2018.07.13"]
[SourceVersion "1"]
[SourceVersionDate "2019.06.21"]
[SourceQuality "1"]

1. e4 c5 2. d4 cxd4 3. c3 d3 4. Bxd3 Nc6 5. f4 g6 6. Nf3 Bg7 7. O-O e6 8. Qe1
Nge7 9. Na3 O-O 10. Nb5 d5 11. e5 b6 12. Nd6 a5 13. Be3 Ba6 14. Bxa6 Rxa6 15.
Qe2 Ra8 16. Rfd1 Qc7 17. Rac1 Qa7 18. Qb5 Qa6 19. c4 dxc4 20. Qxc4 Qxc4 21.
Nxc4 Nd5 22. Kf2 Nxe3 23. Kxe3 Nb4 24. Nxb6 Nxa2 25. Ra1 Ra6 26. Nd7 Rd8 27.
Rxa2 Ra7 28. b4 Raxd7 29. Rxd7 Rxd7 30. bxa5 Bf8 31. a6 Bc5+ 32. Ke2 Kf8 33.
Ng5 h6 34. Ne4 Ba7 35. Nd6 Ke7 36. Kd3 Kd8 37. Kc4 Rc7+ 38. Kd3 Bb6 39. Nb5
Rd7+ 40. Ke2 Ba7 41. Kf3 Kc8 42. Kg4 Kb8 43. h4 Be3 44. Kf3 Ba7 45. Nd6 Kc7 46.
Rb2 Bb6 47. g4 Kc6 48. Nc8 Bc5 49. Nd6 Bxd6 50. exd6 Rxd6 51. Ra2 Rd8 52. a7
Ra8 53. Ke4 f6 54. Ra6+ Kd7 55. Kd4 g5 56. hxg5 hxg5 57. fxg5 fxg5 58. Ke5 Ke7
59. Rxe6+ Kf7 60. Ra6 Re8+ 61. Kf5 Ra8 62. Kxg5 Kg7 63. Kf5 Kf7 64. Ke5 Ke7 65.
Kd5 Kd7 66. g5 Kc7 67. g6 Rd8+ 68. Ke6 Re8+ 69. Kf7 Ra8 70. g7 Kb7 71. Ra1 Kb6
72. g8=Q 1-0